Drapeaux Rouge et Blanc UNIQUEMENT - Statistiques

Statistiques générales
  • Ce quiz a été pris 109 fois
    89 depuis la dernière actualisation
  • Le résultat moyen est 9 sur 17
Statistiques - réponses
Réponse % Correct
Pologne
89%
Japon
83%
Monaco
81%
Indonesie
72%
Autriche
67%
Canada
65%
Suisse
55%
Pérou
53%
Singapour
53%
Turquie
47%
Tunisie
44%
Danemark
43%
Qatar
37%
Bahreïn
36%
Lettonie
32%
Géorgie
28%
Tonga
28%
Aucun quiz correspondant
Distribution des résultats
% des personnes avec chaque résultat
Percentile par nombre de réponses
Votre historique - résultats
Vous n’avez pas pris ce quiz depuis la dernière actualisation